000 00648nab a2200181 4500
999 _c372328
_d372328
001 90031
003 OSt
005 20230328125628.0
007 tu
008 110905s2000|||||||
040 _aDE-2950
_cDE-2950
245 0 0 _aDer Helenesee ist für viele in Frankfurt Thema Nummer eins.
_bUmfrage. Berliner Datenanalysten beobachten eine große Unzufriedenheit mit der Gesundheitsversorgung und bei der Kriminalitätsbekämpfung .../
_cHeinz Kannenberg
264 _c2023
653 _aFrankfurt (Oder)
653 _aMeinungsumfrage
773 0 _g34. Jahrgang (2023) Nr. 72, 25./26.03.2023, S. 19: mit Foto
_tMärkische Oderzeitung
942 _2z
_cA